000 00263nam a22001217a 4500
008 171023b xxu||||| |||| 00| 0 eng d
041 _aeng
080 _a338
100 _a54
101 _aMO
245 _aOPERATIONS MANAGEMENT
_cMARKLAND, R.E
942 _2udc
_cBK
999 _c35425
_d35425